000 00728cam a22002534i 4500
001 17786550
005 20180206042137.0
008 130621s2014 nyu b 001 0 eng
010 _a 2013019257
020 _a9780073526430 (alk. paper)
020 _a0073526436 (alk. paper)
040 _aDLC
_beng
_cDLC
_erda
_dDLC
041 _aeng
042 _apcc
080 _a320.3 KLE
082 0 0 _a320.3 KLE
_223
100 1 _a19
101 _aPOL
245 1 0 _aComparative politics ; an introduction /
_cJoseph Klesner, Kenyon College.
504 _aIncludes bibliographical references and index.
906 _a7
_bcbc
_corignew
_d1
_eecip
_f20
_gy-gencatlg
942 _2ddc
_cBK
999 _c41887
_d41887